The Rotterdam Rules and International Trade Law / (Record no. 3051)

000 -LEADER
fixed length control field 02764nam a2200613Ii 4500
006 - FIXED-LENGTH DATA ELEMENTS--ADDITIONAL MATERIAL CHARACTERISTICS--GENERAL INFORMATION
fixed length control field m o d
007 - PHYSICAL DESCRIPTION FIXED FIELD--GENERAL INFORMATION
fixed length control field cr
008 - FIXED-LENGTH DATA ELEMENTS--GENERAL INFORMATION
fixed length control field 181112t20182019flu b ob 001 0 eng d
020 ## - INTERNATIONAL STANDARD BOOK NUMBER
International Standard Book Number 9781315115153
Qualifying information (e-book : PDF)
040 ## - CATALOGING SOURCE
Original cataloging agency IMU Kochi Library
Language of cataloging eng
040 ## - CATALOGING SOURCE
Original cataloging agency
Description conventions rda
041 0# - LANGUAGE CODE
Language code of text/sound track or separate title eng
041 1# - LANGUAGE CODE
Language code of text/sound track or separate title eng
072 #7 - SUBJECT CATEGORY CODE
Subject category code LAW
Subject category code subdivision 014010
Source bisacsh
072 #7 - SUBJECT CATEGORY CODE
Subject category code LAW
Subject category code subdivision 051000
Source bisacsh
072 #7 - SUBJECT CATEGORY CODE
Subject category code LAW
Subject category code subdivision 066000
Source bisacsh
072 #7 - SUBJECT CATEGORY CODE
Subject category code LBDM
Source bicscc
082 04 - DEWEY DECIMAL CLASSIFICATION NUMBER
Classification number 343.08/7
100 1# - MAIN ENTRY--PERSONAL NAME
Personal name Magklasi, Ioanna,
245 14 - TITLE STATEMENT
Title The Rotterdam Rules and International Trade Law /
250 ## - EDITION STATEMENT
Edition statement First edition.
300 ## - PHYSICAL DESCRIPTION
Extent 1 online resource (268 pages)
504 ## - BIBLIOGRAPHY, ETC. NOTE
Bibliography, etc Includes bibliographical references and index.
520 3# - SUMMARY, ETC.
Summary, etc This book offers an original academic study of the Rotterdam Rules. It analyses the salient articles that will have an impact on international sale contracts governed by English law, including the most popularly used international law instruments, terms and standard sale contracts. Looking beyond the legal relationship of carrier-shipper and carrier-receiver, this book examines the important articles of the Rotterdam Rules that affect the ability of the trading protagonists to perform their sale contract.
530 ## - ADDITIONAL PHYSICAL FORM AVAILABLE NOTE
Additional physical form available note Also available in print format.
650 #7 - SUBJECT ADDED ENTRY--TOPICAL TERM
Topical term or geographic name as entry element LAW / International.
Source of heading or term bisacsh
650 #7 - SUBJECT ADDED ENTRY--TOPICAL TERM
Topical term or geographic name as entry element LAW / Maritime.
Source of heading or term bisacsh
650 #7 - SUBJECT ADDED ENTRY--TOPICAL TERM
Topical term or geographic name as entry element Carriage of Goods by Sea.
Source of heading or term bisacsh
650 #7 - SUBJECT ADDED ENTRY--TOPICAL TERM
Topical term or geographic name as entry element dry shipping law.
Source of heading or term bisacsh
650 #7 - SUBJECT ADDED ENTRY--TOPICAL TERM
Topical term or geographic name as entry element FOSFA contracts.
Source of heading or term bisacsh
650 #7 - SUBJECT ADDED ENTRY--TOPICAL TERM
Topical term or geographic name as entry element GAFTA.
Source of heading or term bisacsh
650 #7 - SUBJECT ADDED ENTRY--TOPICAL TERM
Topical term or geographic name as entry element Incoterms.
Source of heading or term bisacsh
650 #7 - SUBJECT ADDED ENTRY--TOPICAL TERM
Topical term or geographic name as entry element International Trade Law.
Source of heading or term bisacsh
650 #7 - SUBJECT ADDED ENTRY--TOPICAL TERM
Topical term or geographic name as entry element impact of the Convention.
Source of heading or term bisacsh
650 #7 - SUBJECT ADDED ENTRY--TOPICAL TERM
Topical term or geographic name as entry element Transport Law.
Source of heading or term bisacsh
650 #7 - SUBJECT ADDED ENTRY--TOPICAL TERM
Topical term or geographic name as entry element UCP 600.
Source of heading or term bisacsh
650 #0 - SUBJECT ADDED ENTRY--TOPICAL TERM
Topical term or geographic name as entry element Foreign trade regulation.
650 #0 - SUBJECT ADDED ENTRY--TOPICAL TERM
Topical term or geographic name as entry element Export sales contracts.
655 #0 - INDEX TERM--GENRE/FORM
Genre/form data or focus term Electronic books.
710 2# - ADDED ENTRY--CORPORATE NAME
Corporate name or jurisdiction name as entry element Taylor and Francis.
856 40 - ELECTRONIC LOCATION AND ACCESS
Uniform Resource Identifier <a href="https://www.taylorfrancis.com/books/9781315115153">https://www.taylorfrancis.com/books/9781315115153</a>
Public note Click here to view.
904 ## - LOCAL DATA ELEMENT D, LDD (RLIN)
CATALOGER Rudra Ranjan
905 ## - LOCAL DATA ELEMENT E, LDE (RLIN)
VERIFIER Rudra Ranjan
942 ## - ADDED ENTRY ELEMENTS (KOHA)
Item type E-Book
264 #1 -
-- Boca Raton, FL :
-- Routledge,
-- [2018].
264 #4 -
-- ©2019.
336 ## -
-- text
-- rdacontent
337 ## -
-- computer
-- rdamedia
338 ## -
-- online resource
-- rdacarrier
505 00 - FORMATTED CONTENTS NOTE
-- 1. The Rotterdam Rules and the law of international sales: Background and characteristics 2. Novelties of the RR: Trade facilitation or may be not? 3. The Rotterdam Rules and standard terms 4. The impact of the Rotterdam Rules on Electronic Commerce 5. The impact of Volume Contracts on the trading parties 6. The way forward: reconciling international trade with the Rotterdam Rules

No items available.



Copyright © All Rights Reserved by Indian Maritime University, Kochi Campus.
For any Suggestions/Query Contact to library or Email: library.kochi@imu.ac.in Ph:(0484)-2989402
(Web OPAC Designed by Rudra Ranjan. Maintained by IMU Kochi Library)

Powered by Koha